| 000 | 01121cam a22003497a 4500 | ||
|---|---|---|---|
| 003 | CHAP | ||
| 005 | 20220817043633.0 | ||
| 008 | 000313d1997 it ab rn 00110 spa d | ||
| 010 | _a80335 | ||
| 011 | _a81307 | ||
| 020 | _a9252038612 | ||
| 035 | _a91775 | ||
| 040 | _cCHAP | ||
| 082 | 0 | 4 |
_a338.17317 _bF3f |
| 110 | 2 | _aFAO | |
| 245 | 1 | 0 |
_aL'économie mondiale du sorgho et du mil : _bfaits, tendances et perspectives _c/par FAO |
| 260 |
_aRome : _bFAO, _c1997. |
||
| 300 |
_a68 p. : _bilus. ; gráfs. ; mapas ; cuadros |
||
| 590 |
_aBATCH-UPD _b10 _c20130110 _lUCH01 _h0521 |
||
| 590 |
_aBATCH-UPD _b10 _c20130410 _lUCH01 _h0200 |
||
| 590 |
_aBATCH-UPD _b10 _c20130410 _lUCH01 _h1640 |
||
| 590 |
_aBATCH-UPD _b10 _c20130914 _lUCH01 _h1818 |
||
| 590 |
_aCONVERSION _b10 _c20130109 _lUCH01 _h1345 |
||
| 650 | 1 | 4 |
_aMijo _xAspectos económicos. _975642 |
| 650 | 1 | 4 |
_aMijo _xMercadeo. _975654 |
| 650 | 1 | 4 |
_aSorgo _xAspectos económicos. _9108629 |
| 650 | 1 | 4 |
_aSorgo _xMercadeo. _9108695 |
| 901 | _aBK | ||
| 905 | _aGuadalupe Pinto C. | ||
| 942 | _cLIBRO | ||
| 949 |
_a338.17317 F3f _bBC _cFAO _d33724000767018 _eFAO1 _h96708 _i91775 _sb |
||
| 999 |
_c80335 _d80335 |
||